000 00353nam a2200181Ia 4500
100 _aBalagurusamy/E
650 _aJava
250 _a4
942 _cBK
366 _f25
654 _ajava
245 _aProgramming with Java:A Primer
260 _bMC Graw-Hill Pub
_c2010
082 _bBAL
300 _a454
546 _aENGLISH
999 _c28709
_d28709